000 01020nam a2200373 a 4500
003 AR-BaBNM
005 20251128203410.0
008 082120s2002 ||||||||||||||000 | spa||
040 _cAR-BaBNM
100 1 _aHomo, León
245 0 0 _aLas instituciones políticas romanas de la ciudad al estado
260 _aBarcelona
_bCervantes
_c1928
300 _a495 p.
490 0 _aSíntesis colectiva
504 _aBibliografía para consultar p. 477-486.
650 4 _aHISTORIA INSTITUCIONAL
650 4 _aHISTORIA DEL DERECHO
650 4 _aDERECHO ANTIGUO
650 4 _aDERECHO
650 4 _aHISTORIA DEL DERECHO
650 4 _aDERECHO DE FAMILIA
650 4 _aFAMILIA
650 4 _aDERECHO CIVIL
650 4 _aDERECHO DE PROPIEDAD
650 4 _aDERECHO SUCESORIO
650 4 _aHISTORIA POLITICA
650 4 _aCIENCIAS POLITICAS
650 4 _aHISTORIA SOCIAL
651 4 _aItalia
700 1 _aAmorós, José
_etraductor
800 1 _aBerr, Henri
_edirector
942 _cBK
998 _cmariana
999 _c3205
_d3205